| 000 | 00569 a2200181 4500 | ||
|---|---|---|---|
| 001 | 109350 | ||
| 020 | _a9788576769224 | ||
| 041 | _apor | ||
| 090 | _aYear 1 028 | ||
| 250 | _a1. ed. | ||
| 697 | _aLiteratura infantojuvenil. | ||
| 700 | _aThomas & Friends: Thomas e o tesouro e outras histórias. | ||
| 856 | _u00000c/00000c64.jpg | ||
| 040 |
_aBR-BrIDEA _cBR-BrIDEA |
||
| 245 | 1 | 0 |
_aThomas & Friends _bThomas e o Tesouro e outras histórias _cThomas & Friends: Thomas e o tesouro e outras histórias |
| 260 |
_a[S.l.] _bFundamento Educacional _c2010 |
||
| 942 | _cBK | ||
| 999 |
_c109350 _d109350 |
||